Návrh zlepšenia marketingovej komunikácie značky v Saint-Gobain Construction Products, s.r.o., divízia Rigips

Na minha lista:
Detalhes bibliográficos
Autor principal: Lipovská, Michaela (Author)
Outros Autores: Babčanová, Dagmar (Thesis advisor)
Formato: Manuscrito Livro
Idioma:eslovaco
Publicado em: 2021
Assuntos:
Acesso em linha:http://is.stuba.sk/zp/portal_zp.pl?podrobnosti=158197
Tags: Adicionar Tag
Sem tags, seja o primeiro a adicionar uma tag!

MARC

LEADER 00000ntm a22000003a 4500
001 stuzp83351
003 SK-STU
005 20210918210249.3
007 ta
008 150427s2015----xo-----f-mn---000-0-slo-d
040 |a STU  |b slo 
041 0 |a slo 
100 1 |a Lipovská, Michaela  |u 064000  |k Z4  |4 aut  |U MTF Materiálovotechnologická fakulta  |T MTF Ústav priemyselného inžinierstva a manažmentu  |X 47028  |U M4000  |Y 84  |7 47028 
242 0 1 |a Proposal for improving brand marketing communication in Saint-Gobain Construction Products, s.r.o., Rigips division  |y eng 
245 1 0 |a Návrh zlepšenia marketingovej komunikácie značky v Saint-Gobain Construction Products, s.r.o., divízia Rigips 
260 |c 2021 
650 4 |a marketing  |2 slo 
650 4 |a branding  |2 slo 
650 4 |a reklama  |2 slo 
650 4 |a značka  |2 slo 
650 4 |a komunikácia  |2 slo 
650 4 |a marketing  |2 eng 
650 4 |a brand  |2 eng 
650 4 |a branding  |2 eng 
650 4 |a advertising  |2 eng 
650 4 |a communication  |2 eng 
700 1 |a Babčanová, Dagmar  |u 064000  |k Z1  |4 ths  |U MTF Materiálovotechnologická fakulta  |T MTF Ústav priemyselného inžinierstva a manažmentu  |X 2819  |U M4000  |Y 84  |7 A000002819 
856 4 |u http://is.stuba.sk/zp/portal_zp.pl?podrobnosti=158197 
996 |c M* DP-14235  |l MMSKP  |s P  |a 0  |w stuzp83351_0001